Effect of augmented feedback on perception and acquisition of movement sense /

Bibliographic Details
Main Author: Patterson, Judith Ann
Format: Thesis Book
Language:English
Published: [Place of publication not identified] : [publisher not identified] ; 1972.
Subjects:

MARC

Tag First Indicator Second Indicator Subfields
LEADER 00000cam a2200000 i 4500
001 in00000665264
005 20151015080220.0
008 741101r19741972oru bb 00010 eng d
035 |a (OCoLC)01064013 
035 |9 ACX6062AM 
040 |c MIA  |d TXA  |d UtOrBLW 
049 |a TXAI 
099 |a fiche  |a C  |a 1591 
100 1 |a Patterson, Judith Ann. 
245 1 0 |a Effect of augmented feedback on perception and acquisition of movement sense /  |c by Judith Ann Patterson. 
264 1 |a [Place of publication not identified] :  |b [publisher not identified] ;  |c 1972. 
300 |a 73 leaves ;  |c 29 cm. 
336 |a text  |b txt  |2 rdacontent 
337 |a microform  |b h  |2 rdamedia 
338 |a microfiche  |b he  |2 rdacarrier 
500 |a Microfiche (negative) of typescript. Eugene : Microform Publications, College of Health, Physical Education and Recreation, University of Oregon, 1974. -- 1 sheet ; 10.5 x 14.8 cm. 
502 |b M.A.  |c Kent State University. 
504 |a Bibliography: leaves 68-73. 
500 |a Microform. 
650 0 |a Movement, Psychology of. 
650 0 |a Feedback (Psychology) 
650 0 |a Modern dance. 
999 |a MARS 
999 f f |s fb8ad56b-79ff-34ab-a65a-05f37fd58a71  |i 5ba2e199-23bf-366e-85dc-264c9f8888a1  |t 0 
952 f f |p normal  |a Texas A&M University  |b College Station  |c Sterling C. Evans Library  |d Evans: Microforms (3rd floor)  |t 0  |e fiche C 1591  |h Other scheme  |i microform -- microfiche  |m A14820672777 
998 f f |a fiche C 1591  |t 0  |l Evans: Microforms (3rd floor)